[Event "SVE Seniors op 2nd"]
[Site "Eidelstedt"]
[Date "2019.07.24"]
[Round "4"]
[White "Stubbe, Werner"]
[Black "Schmidt, Berthold"]
[Result "1-0"]
[WhiteElo "1888"]
[BlackElo "1530"]
[PlyCount "27"]
[EventDate "2019.07.15"]
[EventType "swiss"]
[EventRounds "7"]
[EventCountry "GER"]
[SourceTitle "EXT 2020"]
[Source "ChessBase"]
[SourceDate "2019.10.17"]
[SourceVersion "1"]
[SourceVersionDate "2019.10.17"]
[SourceQuality "1"]

1. e4 e5 2. Nf3 f5 3. exf5 e4 4. Qe2 Nf6 5. d3 d5 6. dxe4 dxe4 7. Nc3 Bxf5 8. Ng5 Bb4 9. Qb5+ Nc6 10. Qxf5 Nd4 11. Qe5+ Kf8 12. Qxd4 Qe7 13. Bc4 Bc5 14. Qxc5 1-0

[Event "Hamburg-ch Seniors 23rd"]
[Site "Hamburg"]
[Date "2016.11.08"]
[Round "7"]
[White "Schmidt, Berthold"]
[Black "Lochmann, Viktor"]
[Result "0-1"]
[WhiteElo "1487"]
[BlackElo "1689"]
[PlyCount "56"]
[EventDate "2016.11.02"]
[EventType "swiss"]
[EventRounds "9"]
[EventCountry "GER"]
[SourceTitle "EXT 2019"]
[Source "ChessBase"]
[SourceDate "2018.10.10"]
[SourceVersion "1"]
[SourceVersionDate "2018.10.10"]
[SourceQuality "1"]

1. e4 e6 2. Nf3 d5 3. e5 c5 4. c3 Qa5 5. d3 Nc6 6. Nbd2 Nge7 7. Nb3 Qb6 8. g4 h6 9. h4 a5 10. h5 a4 11. Nbd2 Bd7 12. a3 Na5 13. Bh3 Bb5 14. c4 dxc4 15. dxc4 Nxc4 16. g5 hxg5 17. Nxg5 Nxe5 18. Bf1 Rd8 19. Nge4 N7c6 20. Bxb5 Qxb5 21. Qe2 Nd3+ 22. Kf1 Nd4 23. Nc3 Nxe2 24. Nxb5 Ndxc1 25. Nc4 Rd1+ 26. Kg2 Nf4+ 27. Kf3 Rxh1 28. Kxf4 Nd3+ 0-1

[Event "Hamburg-ch Seniors 23rd"]
[Site "Hamburg"]
[Date "2016.11.07"]
[Round "6"]
[White "Ptitsyn, Vadim"]
[Black "Schmidt, Berthold"]
[Result "1/2-1/2"]
[WhiteElo "1666"]
[BlackElo "1487"]
[PlyCount "40"]
[EventDate "2016.11.02"]
[EventType "swiss"]
[EventRounds "9"]
[EventCountry "GER"]
[SourceTitle "EXT 2019"]
[Source "ChessBase"]
[SourceDate "2018.10.10"]
[SourceVersion "1"]
[SourceVersionDate "2018.10.10"]
[SourceQuality "1"]

1. d4 d5 2. Nf3 Nc6 3. e3 Bf5 4. a3 h6 5. c4 Nf6 6. Nc3 e6 7. cxd5 exd5 8. Bb5 Bd7 9. 0-0 Bd6 10. h3 0-0 11. b4 Re8 12. Qb3 Ne7 13. Bxd7 Qxd7 14. Bb2 c6 15. Qc2 Nh7 16. e4 dxe4 17. Nxe4 Nd5 18. Nxd6 Qxd6 19. Rfe1 f6 20. g3 Qd7 1/2-1/2

[Event "Hamburg-ch Seniors 23rd"]
[Site "Hamburg"]
[Date "2016.11.02"]
[Round "1"]
[White "Schmidt, Berthold"]
[Black "Zippert, Georg"]
[Result "0-1"]
[WhiteElo "1487"]
[BlackElo "1834"]
[PlyCount "72"]
[EventDate "2016.11.02"]
[EventType "swiss"]
[EventRounds "9"]
[EventCountry "GER"]
[SourceTitle "EXT 2019"]
[Source "ChessBase"]
[SourceDate "2018.10.10"]
[SourceVersion "1"]
[SourceVersionDate "2018.10.10"]
[SourceQuality "1"]

1. e4 e5 2. Nf3 Nc6 3. Bc4 Bc5 4. c3 Nf6 5. b4 Bb6 6. Ng5 0-0 7. d3 h6 8. Nh3 d6 9. Nd2 Bg4 10. Nf3 d5 11. Bxd5 Nxd5 12. exd5 Qxd5 13. c4 Qe6 14. a3 Nd4 15. c5 Bxc5 16. bxc5 Nxf3+ 17. gxf3 Bxh3 18. Be3 Rad8 19. Rc1 Bf5 20. Rc3 c6 21. 0-0 Bh3 22. Kh1 Bxf1 23. Qxf1 Qf6 24. Qg2 e4 25. d4 Qxf3 26. Rb3 Qxg2+ 27. Kxg2 Rd7 28. a4 f5 29. f4 Kf7 30. a5 a6 31. h4 Ke6 32. h5 Rf6 33. Bf2 g5 34. fxg5 hxg5 35. Rh3 Rh6 36. Kg3 Rdh7 0-1

[Event "Pinneberg op Seniors 16th"]
[Site "Pinneberg"]
[Date "2015.07.02"]
[Round "1"]
[White "Buhle, Kurt"]
[Black "Schmidt, Berthold"]
[Result "1-0"]
[WhiteElo "1700"]
[BlackElo "1357"]
[PlyCount "77"]
[EventDate "2015.07.02"]
[EventType "swiss"]
[EventRounds "7"]
[EventCountry "GER"]
[SourceTitle "EXT 2017"]
[Source "ChessBase"]
[SourceDate "2016.10.25"]
[SourceVersion "1"]
[SourceVersionDate "2016.10.25"]
[SourceQuality "1"]

1. e4 d5 2. exd5 Nf6 3. d4 Qxd5 4. Nc3 Qa5 5. Bd2 c6 6. Be2 e5 7. Ne4 Qc7 8. Nxf6+ gxf6 9. dxe5 fxe5 10. Bc4 b5 11. Bb3 Bf5 12. Ne2 Nd7 13. Ng3 Bg6 14. c3 Nc5 15. Bc2 0-0-0 16. Bxg6 hxg6 17. Qc2 Nd3+ 18. Kf1 f5 19. Bg5 Rd7 20. Rd1 Nxb2 21. Rxd7 Qxd7 22. Ke2 Nc4 23. Rd1 Qe6 24. Rd8+ Kc7 25. a4 f4 26. Ne4 Qg4+ 27. Kd3 Qxg2 28. Qe2 f3 29. Qa2 Qf1+ 30. Kc2 Qe2+ 31. Nd2 Qxf2 32. axb5 Ne3+ 33. Kb3 Nd5 34. Qa6 Qc5 35. Qc8+ Kb6 36. Qa6+ Kc7 37. Rc8+ Kd7 38. Qb7+ Kd6 39. Rxc6+ 1-0

[Event "Hamburg-ch Seniors 21st"]
[Site "Hamburg"]
[Date "2014.11.02"]
[Round "5"]
[White "Schmidt, Berthold"]
[Black "Ziehm, Holger"]
[Result "0-1"]
[WhiteElo "1328"]
[BlackElo "1490"]
[PlyCount "80"]
[EventDate "2014.10.29"]
[EventType "swiss"]
[EventRounds "9"]
[EventCountry "GER"]
[SourceTitle "EXT 2018"]
[Source "ChessBase"]
[SourceDate "2017.10.13"]
[SourceVersion "1"]
[SourceVersionDate "2017.10.13"]
[SourceQuality "1"]

1. d4 d5 2. g3 c5 3. Bg2 e6 4. Nf3 Nf6 5. c3 Nc6 6. 0-0 cxd4 7. cxd4 Be7 8. Bg5 0-0 9. Bxf6 Bxf6 10. e3 Bd7 11. h4 Rc8 12. Nbd2 Nb4 13. a4 Nc2 14. Ra2 Qb6 15. Ne5 Bxe5 16. dxe5 Nb4 17. a5 Qb5 18. Ra3 Nc6 19. Rb3 Qa6 20. f4 Nxa5 21. Rb4 Nc6 22. Rb3 b5 23. Bf3 Qb6 24. Be2 Na5 25. Rd3 b4 26. Rf3 Bb5 27. Rd4 Nc6 28. Nb3 Bxe2 29. Qxe2 Nxd4 30. exd4 Rc4 31. Rd3 Rfc8 32. Nc5 Qb5 33. Nb3 Rc2 34. Qf3 Rxb2 35. Nc5 Qc4 36. f5 Qc2 37. Kf1 Rb1+ 38. Rd1 Rxd1+ 39. Qxd1 Qxd1+ 40. Kg2 Qxd4 0-1

[Event "Hamburg-ch Seniors 21st"]
[Site "Hamburg"]
[Date "2014.10.30"]
[Round "3"]
[White "Schmidt, Berthold"]
[Black "Paulsen, Helmut"]
[Result "1-0"]
[WhiteElo "1328"]
[BlackElo "1594"]
[PlyCount "67"]
[EventDate "2014.10.29"]
[EventType "swiss"]
[EventRounds "9"]
[EventCountry "GER"]
[SourceTitle "EXT 2018"]
[Source "ChessBase"]
[SourceDate "2017.10.13"]
[SourceVersion "1"]
[SourceVersionDate "2017.10.13"]
[SourceQuality "1"]

1. d4 d5 2. g3 Nf6 3. Bg2 e6 4. Nf3 Nbd7 5. Nc3 c5 6. 0-0 cxd4 7. Nxd4 a6 8. Bg5 Be7 9. Bxf6 Nxf6 10. h3 e5 11. Nf3 e4 12. Nh2 0-0 13. e3 Be6 14. Ne2 Bd6 15. c3 Qd7 16. Nf4 Bxf4 17. exf4 Bxh3 18. Qe2 Bxg2 19. Kxg2 Rfe8 20. Rad1 b5 21. Rh1 Rac8 22. g4 Qd6 23. g5 Nd7 24. Qg4 g6 25. Nf1 Qe6 26. Qh4 Nf8 27. Ne3 Rcd8 28. Ng4 f5 29. Nf6+ Kf7 30. Nxh7 Nxh7 31. Qxh7+ Kf8 32. Qh8+ Qg8 33. Qf6+ Qf7 34. Rh8# 1-0

[Event "Pinneberg op Seniors 15th"]
[Site "Pinneberg"]
[Date "2014.??.??"]
[Round "6"]
[White "Sagitow, Kamil"]
[Black "Schmidt, Berthold"]
[Result "1-0"]
[WhiteElo "1380"]
[BlackElo "1304"]
[PlyCount "77"]
[EventDate "2014.07.03"]
[EventType "swiss"]
[EventRounds "7"]
[EventCountry "GER"]
[SourceTitle "EXT 2017"]
[Source "ChessBase"]
[SourceDate "2016.10.25"]
[SourceVersion "1"]
[SourceVersionDate "2016.10.25"]
[SourceQuality "1"]

1. e4 d5 2. Qe2 a6 3. e5 Nc6 4. c3 Bf5 5. d4 e6 6. Nf3 b5 7. Be3 Bxb1 8. Rxb1 h6 9. Qc2 Nge7 10. Bd3 Qd7 11. 0-0 g6 12. Ne1 Nf5 13. Bd2 Be7 14. Nf3 b4 15. Ra1 bxc3 16. bxc3 Nd8 17. Qc1 f6 18. Bxf5 exf5 19. Bxh6 g5 20. Bg7 Rg8 21. exf6 Bf8 22. Re1+ Ne6 23. Nxg5 Bxg7 24. Rxe6+ Kd8 25. fxg7 Qxg7 26. f4 Kd7 27. Qe1 Rae8 28. Re5 c6 29. Qe2 Rxe5 30. Qxe5 Qxe5 31. dxe5 c5 32. Rd1 Kc6 33. Rb1 d4 34. cxd4 cxd4 35. Rd1 Kc5 36. Ne6+ Kd5 37. Nxd4 Ke4 38. Ne2 Rc8 39. Kf2 1-0

[Event "Hamburg Seniors-ch 20th"]
[Site "Hamburg"]
[Date "2013.11.06"]
[Round "8"]
[White "Falk, Rolf"]
[Black "Schmidt, Berthold"]
[Result "1-0"]
[WhiteElo "1213"]
[BlackElo "1352"]
[PlyCount "73"]
[EventDate "2013.10.30"]
[EventType "swiss"]
[EventRounds "9"]
[EventCountry "GER"]
[SourceTitle "EXT 2015"]
[Source "ChessBase"]
[SourceDate "2014.11.20"]
[SourceVersion "1"]
[SourceVersionDate "2014.11.20"]
[SourceQuality "1"]

1. d4 d5 2. e3 Nc6 3. b3 f6 4. Bb2 Nh6 5. Nd2 Bf5 6. a3 Qd6 7. Ngf3 g5 8. c4 Be6 9. c5 Qd7 10. b4 g4 11. b5 gxf3 12. bxc6 bxc6 13. Nxf3 Bg4 14. h3 Bh5 15. g4 Bg6 16. Nh4 Bg7 17. Nxg6 hxg6 18. Bd3 f5 19. Rg1 g5 20. Qf3 Rf8 21. gxf5 Nxf5 22. Qh5+ Kd8 23. Rxg5 e6 24. Kd2 Rh8 25. Qg4 Rh4 26. Qg2 Rb8 27. Kc2 Qf7 28. Bxf5 Rxb2+ 29. Kxb2 Bxd4+ 30. exd4 Rh8 31. Bg6 Qf4 32. Kc3 Rh4 33. Be4 dxe4 34. Rg8+ Ke7 35. Qg7+ Qf7 36. Qg5+ Qf6 37. Rg7+ 1-0

[Event "Hamburg Seniors-ch 20th"]
[Site "Hamburg"]
[Date "2013.11.05"]
[Round "7"]
[White "Schmidt, Berthold"]
[Black "Klausberger, Wolfgang"]
[Result "1/2-1/2"]
[WhiteElo "1352"]
[BlackElo "1459"]
[PlyCount "71"]
[EventDate "2013.10.30"]
[EventType "swiss"]
[EventRounds "9"]
[EventCountry "GER"]
[SourceTitle "EXT 2015"]
[Source "ChessBase"]
[SourceDate "2014.11.20"]
[SourceVersion "1"]
[SourceVersionDate "2014.11.20"]
[SourceQuality "1"]

1. e4 d6 2. f4 Nf6 3. Nc3 g6 4. Nf3 Bg7 5. Bc4 0-0 6. 0-0 c6 7. a4 Na6 8. Bxa6 Qb6+ 9. d4 bxa6 10. h3 a5 11. Re1 e6 12. Kh2 Ba6 13. b3 Nd7 14. Be3 Qc7 15. Qd2 Rfe8 16. Qf2 d5 17. e5 Rac8 18. g4 c5 19. Rg1 cxd4 20. Bxd4 Nc5 21. f5 Ne4 22. Nxe4 dxe4 23. f6 exf3 24. fxg7 Qxc2 25. Rad1 Qxf2+ 26. Bxf2 Rc2 27. Kg3 Bb7 28. Rd7 Bd5 29. Rxa7 Rb2 30. Rxa5 Rxb3 31. Rc1 Rb7 32. Rcc5 Rd7 33. Be3 Kxg7 34. Bg5 h6 35. Bf6+ Kh7 36. Rab5 1/2-1/2

[Event "Hamburg Seniors-ch 20th"]
[Site "Hamburg"]
[Date "2013.10.31"]
[Round "2"]
[White "Schmidt, Berthold"]
[Black "Funke, Hermann"]
[Result "0-1"]
[WhiteElo "1352"]
[BlackElo "1574"]
[PlyCount "110"]
[EventDate "2013.10.30"]
[EventType "swiss"]
[EventRounds "9"]
[EventCountry "GER"]
[SourceTitle "EXT 2015"]
[Source "ChessBase"]
[SourceDate "2014.11.20"]
[SourceVersion "1"]
[SourceVersionDate "2014.11.20"]
[SourceQuality "1"]

1. e4 e5 2. Nf3 Nc6 3. c3 Nf6 4. d3 d5 5. exd5 Qxd5 6. h3 Be7 7. Nbd2 Be6 8. Be2 Qd7 9. Ng5 h6 10. Nxe6 Qxe6 11. 0-0 0-0-0 12. a4 Kb8 13. Qc2 Nd7 14. b4 f5 15. Nc4 Bf6 16. b5 Ne7 17. Ba3 g5 18. Bf3 g4 19. hxg4 fxg4 20. Bxe7 gxf3 21. Bxd8 Rg8 22. Ne3 Bxd8 23. Qa2 Qg6 24. Qd5 fxg2 25. Qxg2 Qf7 26. Ng4 h5 27. f3 hxg4 28. fxg4 Qe6 29. Rf5 Nf6 30. Kf1 Nxg4 31. Qe4 Ne3+ 32. Ke2 Nxf5 33. Qc4 Rg2+ 34. Kf3 Rg3+ 35. Kf2 Qxc4 36. dxc4 Rxc3 37. Rd1 Kc8 38. Rd5 Bh4+ 39. Ke2 Bg3 40. c5 c6 41. Rd3 Rxc5 42. bxc6 Rxc6 43. Kf3 Bf4 44. Ke4 Nd6+ 45. Kd5 Kd7 46. Rh3 Kc7 47. a5 Ra6 48. Rh7+ Kb8 49. Ke6 Nc8+ 50. Kd7 Rd6+ 51. Ke8 Bg5 52. Rh5 Bf4 53. Rh8 a6 54. Kf7 Kc7 55. Rh1 Na7 0-1

[Event "Pinneberg op Seniors 14th"]
[Site "Pinneberg"]
[Date "2013.07.26"]
[Round "6"]
[White "Schmidt, Berthold"]
[Black "Bierwald, Martin"]
[Result "1/2-1/2"]
[WhiteElo "1339"]
[BlackElo "1393"]
[PlyCount "36"]
[EventDate "2013.06.20"]
[EventType "swiss"]
[EventRounds "7"]
[EventCountry "GER"]
[SourceTitle "EXT 2017"]
[Source "ChessBase"]
[SourceDate "2016.10.25"]
[SourceVersion "1"]
[SourceVersionDate "2016.10.25"]
[SourceQuality "1"]

1. e4 e6 2. f4 d5 3. e5 c5 4. Nf3 f6 5. exf6 Qxf6 6. d4 Nc6 7. Bb5 Bd7 8. Bxc6 Bxc6 9. 0-0 Nh6 10. Re1 Bd6 11. Ng5 Bd7 12. Nc3 0-0 13. Qd3 g6 14. Ne2 Rfe8 15. Qh3 Qg7 16. c3 cxd4 17. cxd4 Bb4 18. Rd1 Rac8 1/2-1/2

[Event "Hamburg Seniors op 19th"]
[Site "Hamburg"]
[Date "2012.10.24"]
[Round "1"]
[White "Stubbe, Werner"]
[Black "Schmidt, Berthold"]
[Result "1-0"]
[WhiteElo "1790"]
[BlackElo "1351"]
[PlyCount "61"]
[EventDate "2012.10.24"]
[EventType "swiss"]
[EventRounds "9"]
[EventCountry "GER"]
[SourceTitle "EXT 2015"]
[Source "ChessBase"]
[SourceDate "2014.11.20"]
[SourceVersion "1"]
[SourceVersionDate "2014.11.20"]
[SourceQuality "1"]

1. Nf3 g6 2. g3 Bg7 3. Bg2 Nc6 4. d4 d5 5. 0-0 Nf6 6. c3 0-0 7. Bg5 h6 8. Bc1 Kh8 9. Nbd2 Nh7 10. e4 dxe4 11. Nxe4 f5 12. Nc5 b6 13. Nd3 Rb8 14. Nh4 Qe8 15. Re1 g5 16. Nf3 Ba6 17. Nde5 Nxe5 18. Nxe5 Bxe5 19. Rxe5 e6 20. d5 Rf6 21. b3 Rd8 22. c4 Kg8 23. Bb2 g4 24. Qe1 Ng5 25. Qe3 Qf7 26. dxe6 Nxe6 27. Re1 Rd6 28. Bd5 Bc8 29. Qc3 c5 30. Rxf5 Qg6 31. Rxf6 1-0

[Event "Pinneberg op Seniors 13th"]
[Site "Pinneberg"]
[Date "2012.07.26"]
[Round "6"]
[White "Schmidt, Berthold"]
[Black "Sagitow, Kamil"]
[Result "1/2-1/2"]
[WhiteElo "1394"]
[BlackElo "1502"]
[PlyCount "68"]
[EventDate "2012.06.21"]
[EventType "swiss"]
[EventRounds "7"]
[EventCountry "GER"]
[SourceTitle "EXT 2013"]
[Source "ChessBase"]
[SourceDate "2012.11.22"]
[SourceVersion "1"]
[SourceVersionDate "2012.11.22"]
[SourceQuality "1"]

1. e4 Nc6 2. Nf3 e5 3. d4 exd4 4. Bc4 Be7 5. 0-0 d6 6. Nxd4 Ne5 7. Bb3 Nf6 8. Nc3 0-0 9. h3 c5 10. Nf5 a6 11. Nxe7+ Qxe7 12. a3 c4 13. Ba2 Be6 14. Bg5 b5 15. Bxf6 gxf6 16. f4 Nc6 17. f5 Bc8 18. Rf4 Kh8 19. Rh4 Rg8 20. Qh5 Rg7 21. Rf1 Ne5 22. Nd5 Qd8 23. Qh6 Nd7 24. Rff4 Bb7 25. Rfg4 Qf8 26. Nxf6 Nxf6 27. Qxf6 Re8 28. c3 Qg8 29. Rxg7 Qxg7 30. Qxd6 Bxe4 31. Rg4 Qe5 32. Qxe5+ Rxe5 33. f6 Bg6 34. Rd4 h5 1/2-1/2

[Event "Pinneberg op Seniors 12th"]
[Site "Pinneberg"]
[Date "2011.07.28"]
[Round "7"]
[White "Zimmermann, Manfred"]
[Black "Schmidt, Berthold"]
[Result "1-0"]
[WhiteElo "1560"]
[BlackElo "1369"]
[PlyCount "35"]
[EventDate "2011.06.16"]
[EventType "swiss"]
[EventRounds "7"]
[EventCountry "GER"]
[SourceTitle "EXT 2012"]
[Source "ChessBase"]
[SourceDate "2011.11.24"]
[SourceVersion "1"]
[SourceVersionDate "2011.11.24"]
[SourceQuality "1"]

1. e4 d5 2. exd5 Qxd5 3. Nf3 Nf6 4. Nc3 Qa5 5. Bc4 c6 6. a3 e6 7. 0-0 Bd6 8. d4 b5 9. Bd3 0-0 10. Re1 Qc7 11. h3 Re8 12. Ne4 Nxe4 13. Bxe4 f5 14. Bxf5 Qf7 15. Bxh7+ Kh8 16. Ng5 Qf6 17. Qh5 Rf8 18. Bg6+ 1-0

[Event "Pinneberg op Seniors 11th"]
[Site "Pinneberg"]
[Date "2010.07.22"]
[Round "5"]
[White "Klawitter, Bernd"]
[Black "Schmidt, Berthold"]
[Result "1/2-1/2"]
[WhiteElo "1435"]
[BlackElo "1383"]
[PlyCount "70"]
[EventDate "2010.06.24"]
[EventType "swiss"]
[EventRounds "7"]
[EventCountry "GER"]
[SourceTitle "EXT 2011"]
[Source "ChessBase"]
[SourceDate "2010.11.26"]
[SourceVersion "1"]
[SourceVersionDate "2010.11.26"]
[SourceQuality "1"]

1. e4 c6 2. d4 d5 3. e5 Be6 4. c3 Nd7 5. f4 Bf5 6. Bd3 Nh6 7. Bxf5 Nxf5 8. e6 fxe6 9. Qe2 Qa5 10. b4 Qb5 11. Qxe6 Qd3 12. Nf3 Qe4+ 13. Qxe4 dxe4 14. Ne5 Nxe5 15. fxe5 h5 16. Bf4 e6 17. h4 0-0-0 18. g3 g6 19. a4 Bh6 20. Na3 Bxf4 21. gxf4 Ne3 22. Rg1 Rhg8 23. Kd2 Ng4 24. Nc4 Rdf8 25. Nd6+ Kc7 26. Rxg4 hxg4 27. Ke3 Rh8 28. Rh1 g3 29. Nxe4 g2 30. Rg1 Rxh4 31. Rxg2 Rfxf4 32. Nc5 Rfg4 33. Rf2 Rg3+ 34. Kd2 Rh7 35. Nxe6+ Kb6 1/2-1/2

[Event "Pinneberg op Seniors 11th"]
[Site "Pinneberg"]
[Date "2010.07.08"]
[Round "3"]
[White "Lubisch, Gerwalt"]
[Black "Schmidt, Berthold"]
[Result "1/2-1/2"]
[WhiteElo "1418"]
[BlackElo "1383"]
[PlyCount "114"]
[EventDate "2010.06.24"]
[EventType "swiss"]
[EventRounds "7"]
[EventCountry "GER"]
[SourceTitle "EXT 2011"]
[Source "ChessBase"]
[SourceDate "2010.11.26"]
[SourceVersion "1"]
[SourceVersionDate "2010.11.26"]
[SourceQuality "1"]

1. e4 g6 2. f4 Bg7 3. d4 c6 4. Nf3 d5 5. e5 Bg4 6. c3 Nd7 7. Be2 h5 8. 0-0 Bxf3 9. Rxf3 Qb6 10. Kh1 0-0-0 11. c4 dxc4 12. Bxc4 e6 13. Rb3 Qc7 14. Ra3 b5 15. Be2 Nb6 16. Rc3 a6 17. Bf3 Nd5 18. Bxd5 Rxd5 19. Be3 Ne7 20. Ra3 Kb7 21. Nc3 Rdd8 22. Ne4 Ra8 23. Nd6+ Kb8 24. Rc1 Nd5 25. Bd2 Bf8 26. Rc2 Bxd6 27. exd6 Qxd6 28. Qf3 Kb7 29. Rb3 Rac8 30. g3 f6 31. a3 g5 32. fxg5 fxg5 33. Bxg5 Rcf8 34. Qg2 Rf5 35. h4 Rhf8 36. Rd3 Rf1+ 37. Kh2 Re1 38. Rf3 Rxf3 39. Qxf3 e5 40. Qf7+ Nc7 41. dxe5 Qxe5 42. Qxh5 Qd5 43. Rg2 Ne6 44. Qf7+ Kb6 45. Qf2+ Nd4 46. Be3 Rd1 47. Bxd4+ Rxd4 48. b4 a5 49. bxa5+ Kxa5 50. Qe1+ Ka6 51. Qe8 Qd6 52. Qc8+ Ka7 53. Qh8 c5 54. Rb2 Kb6 55. Qh5 Rd3 56. Qg5 Rxa3 57. Rd2 Rd3 1/2-1/2

[Event "Pinneberg op Seniors 10th"]
[Site "Pinneberg"]
[Date "2009.07.16"]
[Round "4"]
[White "Schmidt, Berthold"]
[Black "Berking, Bernhard"]
[Result "0-1"]
[WhiteElo "1290"]
[BlackElo "1536"]
[PlyCount "78"]
[EventDate "2009.06.25"]
[EventType "swiss"]
[EventRounds "4"]
[EventCountry "GER"]
[SourceTitle "EXT 2011"]
[Source "ChessBase"]
[SourceDate "2010.11.26"]
[SourceVersion "1"]
[SourceVersionDate "2010.11.26"]
[SourceQuality "1"]

1. e4 c5 2. Nf3 d6 3. Nc3 Nf6 4. d4 cxd4 5. Nxd4 a6 6. a4 Nc6 7. Nxc6 bxc6 8. Be3 Bb7 9. Bc4 c5 10. f3 e6 11. Bg5 Be7 12. 0-0 0-0 13. Bxf6 Bxf6 14. Qd2 Qc7 15. Nd1 Rfd8 16. c3 d5 17. exd5 Bxd5 18. Bxd5 Rxd5 19. Qe2 Qa7 20. c4 Rd4 21. Nc3 Rd7 22. Kh1 Rad8 23. Rad1 g6 24. Rxd7 Rxd7 25. Ne4 Bd4 26. Rd1 Rb7 27. Rxd4 cxd4 28. Nf6+ Kf8 29. Qd2 Qc5 30. Qh6+ Ke7 31. Ng8+ Kd8 32. Qh4+ Kc8 33. h3 f5 34. b3 Kb8 35. Qd8+ Ka7 36. Qf6 e5 37. Qe6 d3 38. Nf6 d2 39. Nd7 d1Q+ 0-1

[Event "Pinneberg op Seniors 10th"]
[Site "Pinneberg"]
[Date "2009.07.02"]
[Round "2"]
[White "Riedel, Siegfried"]
[Black "Schmidt, Berthold"]
[Result "1-0"]
[WhiteElo "1549"]
[BlackElo "1290"]
[PlyCount "119"]
[EventDate "2009.06.25"]
[EventType "swiss"]
[EventRounds "4"]
[EventCountry "GER"]
[SourceTitle "EXT 2011"]
[Source "ChessBase"]
[SourceDate "2010.11.26"]
[SourceVersion "1"]
[SourceVersionDate "2010.11.26"]
[SourceQuality "1"]

1. g3 d5 2. Bg2 Nf6 3. d3 e5 4. Nd2 c6 5. e3 Bd6 6. Ne2 0-0 7. b3 Re8 8. Bb2 Bg4 9. h3 Bxe2 10. Qxe2 d4 11. e4 h6 12. 0-0 b5 13. a3 Nbd7 14. Kh2 Qc8 15. Nf3 Nh7 16. Nh4 g6 17. Bc1 Bf8 18. f4 Be7 19. Nf3 c5 20. fxe5 Bf8 21. Qf2 Bg7 22. h4 Rxe5 23. Nxe5 Nxe5 24. Bh3 Qc7 25. Bf4 Rf8 26. Qe2 h5 27. Kg2 Qe7 28. Qd2 Nf6 29. Bxe5 Qxe5 30. Qf4 Re8 31. Rf2 Qe7 32. Raf1 a5 33. Qd2 Qd8 34. Qg5 Kh7 35. Rxf6 Bxf6 36. Qxf6 Qxf6 37. Rxf6 Kg7 38. Rb6 f5 39. Kf3 fxe4+ 40. dxe4 Rd8 41. Bf1 b4 42. a4 Rf8+ 43. Kg2 Re8 44. Bd3 Re5 45. Rb5 g5 46. hxg5 Rxg5 47. Be2 h4 48. g4 Re5 49. Bf3 Kf6 50. Rxa5 Kg5 51. Ra8 Kf4 52. Rf8+ Ke3 53. Rf5 Re8 54. Rxc5 Rh8 55. a5 h3+ 56. Kg3 h2 57. Bh1 Rf8 58. Rf5 Rc8 59. Rf3+ Kxe4 60. Rc3+ 1-0

[Event "Pinneberg-ch"]
[Site "Pinneberg"]
[Date "2007.09.27"]
[Round "5"]
[White "Kloppenburg, Reimer"]
[Black "Schmidt, Berthold"]
[Result "0-1"]
[WhiteElo "1233"]
[BlackElo "1464"]
[PlyCount "66"]
[EventDate "2007.08.30"]
[EventType "swiss"]
[EventRounds "7"]
[EventCountry "GER"]
[SourceTitle "CBM 120 Extra"]
[Source "ChessBase"]
[SourceDate "2007.11.01"]
[SourceVersion "1"]
[SourceVersionDate "2007.11.01"]
[SourceQuality "1"]

1. d4 d5 2. Nf3 Nc6 3. Bf4 f6 4. h3 Bf5 5. e3 a6 6. Nh4 Qd7 7. Nxf5 Qxf5 8. Bd3 Qe6 9. Bxc7 Nxd4 10. 0-0 Qc6 11. Bh2 Nb5 12. Qe2 e5 13. Bxb5 axb5 14. Nc3 Bd6 15. Qxb5 Ne7 16. Qxc6+ bxc6 17. Rfd1 g5 18. Ne4 dxe4 19. Rxd6 Kf7 20. a3 Ra5 21. Rad1 Rb8 22. b3 Rxa3 23. f4 gxf4 24. exf4 e3 25. Re1 Ra2 26. fxe5 Rxc2 27. Rxf6+ Ke8 28. Rxe3 Ra8 29. Rf1 Raa2 30. Rg3 Re2 31. Rg5 Ng6 32. g3 Rg2+ 33. Kh1 Rxh2+ 0-1

[Event "GER Seniors Derby 05th"]
[Site "Wesel Undeloh"]
[Date "2006.04.23"]
[Round "7"]
[White "Schmidt, Berthold"]
[Black "Piotrowski, Klaus"]
[Result "0-1"]
[WhiteElo "1528"]
[BlackElo "1424"]
[PlyCount "77"]
[EventDate "2006.04.20"]
[EventType "swiss"]
[EventRounds "7"]
[EventCountry "GER"]
[SourceTitle "EXT 2007"]
[Source "ChessBase"]
[SourceDate "2006.11.23"]
[SourceVersion "1"]
[SourceVersionDate "2006.11.23"]
[SourceQuality "1"]

1. e4 e5 2. Nf3 d6 3. Nc3 Nf6 4. Bc4 Be6 5. Bxe6 fxe6 6. 0-0 Be7 7. d4 exd4 8. Nxd4 Qd7 9. Bg5 0-0 10. Qe2 h6 11. Bxf6 Bxf6 12. Rad1 Nc6 13. Nb3 Bxc3 14. bxc3 a6 15. Nc5 Qc8 16. Qg4 dxc5 17. f4 Qe8 18. Rd3 Rd8 19. Rh3 Kh7 20. Rg3 Rg8 21. h4 Rd7 22. h5 Qf7 23. Qe2 Ne7 24. f5 exf5 25. exf5 Qf6 26. Qe4 b6 27. Rg6 Qf7 28. f6 Nxg6 29. fxg7 Qxg7 30. Rf3 Rd6 31. Rg3 Kh8 32. hxg6 Rxg6 33. Rxg6 Qxg6 34. Qe5+ Rg7 35. Qe2 Kh7 36. c4 Qf6 37. Qe4+ Rg6 38. Kh2 Qd6+ 39. Kh1 0-1